| 000 | 00671nam a22001577a 4500 | ||
|---|---|---|---|
| 999 |
_c60765 _d60765 |
||
| 005 | 20231019160326.0 | ||
| 008 | 231019s1973 ru ||||| |||| 00| 0 rus d | ||
| 050 | _arus | ||
| 080 | _a821'01(5)-1-3=161.1 П-67 | ||
| 245 |
_aПоэзия и проза Древнего Востока / _cОбщ. ред. И. Брагинский. |
||
| 264 |
_aМосква : _b Художественная литература, _c1973. |
||
| 300 |
_a736 стр.: _bил.; _c20 см. |
||
| 653 | _aძველი აღმოსავლეთის პოეზია და პროზა | ||
| 700 |
_aБрагинский, И. _eრედაქტორი _920135 |
||
| 942 |
_2udc _cMX |
||